000 00490nam a2200193Ia 4500
005 20250326124010.0
008 250326s9999 xx 000 0 und d
037 _aTextbook
040 _aFMSL
_beng
_cFMSL
041 _aeng
_2eng
084 _aX K4
_qFMSL
100 _aBye R T
_9342169
245 0 _aPrinciples of economics
_cBye R T
250 _a5
260 _aBombay
_bBombay, Times of India
_c1964
300 _a691p
942 _cTB
_hX K4
999 _c1271825
_d1271825